00193nam a2200097Ia 4500100001500000654001000015245001900025260002000044082001900064546001200083 aFANUC Ltd  aFANUC aFANUC Series.0 bFANUC Ltdc1988 a670.285bFANUC aENGLISH